El nuevo tradicionalismo y la revolución social
-д хадгалсан:
| Үндсэн зохиолч: | |
|---|---|
| Формат: | Ном |
| Хэл сонгох: | испани |
| Хэвлэсэн: |
Madrid
Nacional
1959
|
| Цуврал: | Obras de Ramiro de Maeztu, 21
|
| Нөхцлүүд: | |
| Шошгууд: |
Шошго нэмэх
Шошго байхгүй, Энэхүү баримтыг шошголох эхний хүн болох!
|
MARC
| LEADER | 00000nam a2200000 a 4500 | ||
|---|---|---|---|
| 001 | UCT6302 | ||
| 003 | CL-VaPUC | ||
| 008 | 970106e19590000SP |||||||||||||||||spa|d | ||
| 082 | 0 | 4 | |a 320.52 |b MAE |2 21 |
| 100 | |a Maeztu, Ramiro de |e autor |9 339605 | ||
| 245 | 1 | 3 | |a El nuevo tradicionalismo y la revolución social |
| 300 | |a 323 p | ||
| 942 | |c BK | ||
| 945 | |d 19970106 00:00:00 |a paguirre | ||
| 260 | |a Madrid |b Nacional |c 1959 | ||
| 650 | 7 | |a TRADICIONALISMO |2 CL-VaPUC |9 376318 | |
| 650 | 0 | |a Doctrinas políticas |9 255835 | |
| 650 | 0 | |a Ciencias Políticas |9 255201 | |
| 650 | 7 | |a CONSERVATISMO |2 CL-VaPUC |9 362582 | |
| 650 | 0 | |a Ideologías |9 255200 | |
| 650 | 7 | |a REVOLUCIONES POLITICAS |2 CL-VaPUC |9 376319 | |
| 651 | 0 | |a España |9 254926 | |
| 583 | |a last modification |c 19970106 00:00:00 |k Rodrigo Vera | ||
| 490 | 0 | |a Obras de Ramiro de Maeztu, 21 | |
| 999 | |c 255017 |d 255015 | ||
| 952 | |0 0 |1 0 |4 0 |6 320_520000000000000_MAE_1959 |7 0 |8 A |9 277045 |a BIBDER |b BIBDER |d 2019-11-19 |i 1801570 |o 320.52 MAE 1959 |p 1801570 |r 2023-01-25 |w 2019-11-19 |y BK |k DER | ||